[Event "Barcelona Tancat"]
[Site "Barcelona"]
[Date "2024.01.03"]
[Round "3"]
[White "Masague Artero, Guerau"]
[Black "Sviridenko, Yaroslav"]
[Result "1-0"]
[WhiteElo "2324"]
[BlackElo "2014"]
[PlyCount "73"]
[EventDate "2024.01.02"]
[EventType "tourn"]
[EventRounds "9"]
[EventCountry "ESP"]
[EventCategory "1"]
[SourceTitle "CB02_2024"]
[SourceDate "2024.01.10"]
[SourceVersion "1"]
[SourceVersionDate "2024.01.10"]
[SourceQuality "1"]

1. Nf3 d6 2. d4 g6 3. c4 Bg7 4. Nc3 Nd7 5. e4 e5 6. Be2 Ne7 7. Be3 0-0 8. Qd2 Re8 9. 0-0 b6 10. Rfe1 Bb7 11. Rad1 Nf6 12. Qc2 exd4 13. Nxd4 Nc6 14. f3 Nd7 15. Nxc6 Bxc6 16. Bf1 a5 17. b3 Ne5 18. Nd5 Rc8 19. h3 Qh4 20. Qd2 h6 21. a3 Bd7 22. Bf2 Qd8 23. Kh2 Be6 24. f4 Nd7 25. Bd3 Bxd5 26. cxd5 Nc5 27. Bc2 Ra8 28. Bg3 Nd7 29. Re3 g5 30. Kh1 Kh8 31. Rf1 gxf4 32. Bxf4 Ne5 33. Rg3 Qh4 34. Bd1 Ng6 35. Rg4 Qe7 36. Bxh6 Qe5 37. Rxf7 1-0

[Event "Corbins Lleida Nadal op"]
[Site "Corbins"]
[Date "2023.12.29"]
[Round "6"]
[White "Codina Garcia, Jose"]
[Black "Masague Artero, Guerau"]
[Result "0-1"]
[WhiteElo "1835"]
[BlackElo "2324"]
[PlyCount "74"]
[EventDate "2023.12.27"]
[EventType "swiss"]
[EventRounds "8"]
[EventCountry "ESP"]
[SourceTitle "CB02_2024"]
[SourceDate "2024.01.10"]
[SourceVersion "1"]
[SourceVersionDate "2024.01.10"]
[SourceQuality "1"]

1. e4 Nc6 2. Nf3 d6 3. d4 Nf6 4. Nc3 g6 5. h3 Bg7 6. Be3 0-0 7. Be2 e5 8. dxe5 Nxe5 9. Nxe5 dxe5 10. Qxd8 Rxd8 11. 0-0 Be6 12. Rad1 Rdc8 13. Bg5 h5 14. Rd2 Nh7 15. Be3 c6 16. Rfd1 b5 17. a3 Bf6 18. Nb1 Bg5 19. Bxg5 Nxg5 20. f3 h4 21. Rd6 Kf8 22. Kf2 Ke7 23. R6d3 Rc7 24. Nd2 c5 25. Nb1 b4 26. R3d2 Rb8 27. b3 f5 28. Ke3 Nf7 29. a4 a5 30. Bb5 Rb6 31. Be2 Nd6 32. exf5 gxf5 33. f4 e4 34. Bf1 c4 35. bxc4 Bxc4 36. Bxc4 Nxc4+ 37. Ke2 Nxd2 0-1

[Event "Titled Tuesday intern op 19th Dec Early"]
[Site "Chess.com INT"]
[Date "2023.12.19"]
[Round "1"]
[White "Masague Artero, Guerau"]
[Black "Player, Edmund C"]
[Result "1-0"]
[WhiteElo "2324"]
[BlackElo "2199"]
[PlyCount "59"]
[EventDate "2023.12.19"]
[EventType "swiss (blitz)"]
[EventRounds "11"]
[EventCountry "USA"]
[SourceTitle "CB52_2023"]
[SourceDate "2023.12.27"]
[SourceVersion "1"]
[SourceVersionDate "2023.12.27"]
[SourceQuality "1"]

1. Nf3 d5 2. e3 g6 3. d4 Bg7 4. b4 Nf6 5. Bb2 0-0 6. Nbd2 a5 7. b5 a4 8. Ba3 c6 9. Rb1 Bf5 10. Ne5 Ne4 11. Bb4 cxb5 12. Bxb5 Na6 13. Nxe4 Nxb4 14. Rxb4 Bxe4 15. 0-0 Qd6 16. Rxa4 Rxa4 17. Bxa4 Bxe5 18. dxe5 Qxe5 19. Qd2 Rc8 20. Bb3 h5 21. f3 Bf5 22. Rd1 Rc5 23. h3 h4 24. Qd4 Qd6 25. Qxh4 Bxc2 26. Rd2 Bxb3 27. axb3 Rc3 28. Kf2 Rxb3 29. Rc2 Kg7 30. Qd4+ 1-0

[Event "Titled Tuesday intern op 19th Dec Early"]
[Site "Chess.com INT"]
[Date "2023.12.19"]
[Round "2"]
[White "Masague Artero, Guerau"]
[Black "Praggnanandhaa, Rameshbabu"]
[Result "1-0"]
[WhiteElo "2324"]
[BlackElo "2740"]
[PlyCount "81"]
[EventDate "2023.12.19"]
[EventType "swiss (blitz)"]
[EventRounds "11"]
[EventCountry "USA"]
[SourceTitle "CB52_2023"]
[SourceDate "2023.12.27"]
[SourceVersion "1"]
[SourceVersionDate "2023.12.27"]
[SourceQuality "1"]

1. Nf3 d5 2. e3 Nf6 3. d4 c5 4. Bb5+ Bd7 5. a4 e6 6. 0-0 a6 7. Bxd7+ Qxd7 8. b3 Nc6 9. Bb2 cxd4 10. Nxd4 Be7 11. Nd2 0-0 12. Qe2 Rac8 13. c4 Rfd8 14. Rfd1 Qe8 15. h3 Nb4 16. Rac1 Bc5 17. N4f3 Qe7 18. Ne5 h6 19. Ng4 Nxg4 20. Qxg4 e5 21. Nf3 Bd6 22. Nh4 Qf6 23. cxd5 Rxc1 24. Rxc1 Nd3 25. Rc2 Nxb2 26. Rxb2 e4 27. Rb1 Qe5 28. g3 Bf8 29. Nf5 g6 30. Nd4 Qxd5 31. Rc1 Bg7 32. Rd1 b5 33. axb5 axb5 34. h4 h5 35. Qe2 b4 36. Qd2 Qc5 37. Rc1 Qb6 38. Rc4 Bf8 39. Kg2 Qf6 40. Qc2 Re8 41. Rc8 1-0

[Event "ESP-ch 88th"]
[Site "Marbella"]
[Date "2023.10.20"]
[Round "8"]
[White "Masague Artero, Guerau"]
[Black "Espinosa Aranda, Angel"]
[Result "1/2-1/2"]
[WhiteElo "2305"]
[BlackElo "2436"]
[PlyCount "67"]
[EventDate "2023.10.13"]
[EventType "swiss"]
[EventRounds "9"]
[EventCountry "ESP"]
[SourceTitle "Mega2024 Update 01"]
[Source "Chessbase"]
[SourceDate "2023.11.12"]
[SourceVersion "1"]
[SourceVersionDate "2023.11.12"]
[SourceQuality "1"]

1. Nf3 c5 2. c4 b6 3. Nc3 Bb7 4. e4 e6 5. d4 cxd4 6. Nxd4 a6 7. a3 d6 8. Be3 Nd7 9. Be2 Ngf6 10. f3 Be7 11. Rc1 0-0 12. 0-0 Rc8 13. b4 Qc7 14. Qd2 Qb8 15. Rfd1 Bd8 16. Qe1 Re8 17. Qf2 Bc7 18. g3 Rcd8 19. Nb3 Bc6 20. Rd2 h5 21. Rcd1 Ba8 22. Bf4 Nf8 23. h4 Ng6 24. Bg5 d5 25. f4 dxe4 26. Bxf6 gxf6 27. Bxh5 e3 28. Qxe3 Qb7 29. Kf1 Bxf4 30. gxf4 Qh1+ 31. Ke2 Qh2+ 32. Kf1 Qh1+ 33. Ke2 Qh2+ 34. Kf1 1/2-1/2

[Event "Titled Tuesday intern op 26th Sep Early"]
[Site "Chess.com INT"]
[Date "2023.09.26"]
[Round "10"]
[White "Campos, Maria Jose"]
[Black "Masague Artero, Guerau"]
[Result "1/2-1/2"]
[WhiteElo "2206"]
[BlackElo "2305"]
[PlyCount "212"]
[EventDate "2023.09.26"]
[EventType "swiss (blitz)"]
[EventRounds "11"]
[EventCountry "USA"]
[SourceTitle "EXT 2024"]
[Source "ChessBase"]
[SourceDate "2023.10.10"]
[SourceVersion "1"]
[SourceVersionDate "2023.10.10"]
[SourceQuality "1"]

1. Nf3 g6 2. g3 d6 3. Bg2 Nf6 4. 0-0 Bg7 5. d4 Bf5 6. b3 0-0 7. Bb2 Nc6 8. Nbd2 Ne4 9. Nc4 a5 10. Ne3 Bd7 11. a3 f5 12. c4 h6 13. Rb1 e6 14. d5 Ne5 15. dxe6 Bxe6 16. Nd4 Bd7 17. Nd5 c6 18. Nf4 Qe8 19. Nd3 Qe7 20. Qc2 Kh7 21. Nf4 Ng4 22. e3 Rae8 23. Rbd1 Bc8 24. Rde1 Qf7 25. Nf3 Ne5 26. Rd1 g5 27. Nd3 Ng4 28. Bxg7 Qxg7 29. Rde1 Qc3 30. Qxc3 Nxc3 31. Nd4 Nf6 32. Rc1 Nce4 33. h3 Kg6 34. Rfd1 Re7 35. Ne2 Rfe8 36. Nc3 Rd8 37. Na4 Be6 38. Ne1 Bg8 39. Nf3 Red7 40. Nd4 d5 41. cxd5 Bxd5 42. b4 axb4 43. axb4 Re7 44. Nc5 Rde8 45. b5 cxb5 46. Nxb5 Bc6 47. Nd4 Bd5 48. Rc2 Nxc5 49. Rxc5 Bxg2 50. Kxg2 Re5 51. Rdc1 R8e7 52. R1c4 b6 53. Rc6 Rb7 54. Rb4 b5 55. Ra6 Kf7 56. Ra5 h5 57. Rbxb5 Rbxb5 58. Nxb5 Ne4 59. Ra7+ Ke6 60. Nd4+ Kf6 61. Ra6+ Kg7 62. Ra7+ Kg6 63. Ra6+ Nf6 64. Nc6 Re8 65. Ra7 Re6 66. Ne7+ Kf7 67. Nxf5+ Kf8 68. Nd4 Rb6 69. Nf5 Rb5 70. Nd4 Rd5 71. Ra6 Kg7 72. Re6 Kg6 73. Nc6 g4 74. Ne5+ Kf5 75. Re7 Rxe5 76. hxg4+ hxg4 77. Rg7 Ra5 78. Rf7 Ra2 79. Rf8 Ke6 80. Rb8 Ne4 81. Re8+ Kf5 82. Rf8+ Nf6 83. Rf7 Kg6 84. Re7 Rb2 85. Kg1 Rd2 86. Kg2 Rb2 87. Kg1 Rb4 88. Kg2 Kf5 89. Re8 Rc4 90. Re7 Ne4 91. Rf7+ Ke6 92. Rf4 Nd6 93. Rxc4 Nxc4 94. f3 Nxe3+ 95. Kf2 Nf5 96. fxg4 Nh6 97. Kf3 Kf6 98. Kf4 Kg6 99. g5 Nf7 100. g4 Nxg5 101. Kg3 Nh7 102. Kf4 Ng5 103. Kg3 Nf7 104. Kf4 Nh6 105. Kg3 Nf7 106. Kf4 Ng5 1/2-1/2

[Event "Titled Tuesday intern op 26th Sep Early"]
[Site "Chess.com INT"]
[Date "2023.09.26"]
[Round "3"]
[White "Yuruultei, Batbaatar"]
[Black "Masague Artero, Guerau"]
[Result "0-1"]
[WhiteElo "1433"]
[BlackElo "2305"]
[PlyCount "90"]
[EventDate "2023.09.26"]
[EventType "swiss (blitz)"]
[EventRounds "11"]
[EventCountry "USA"]
[SourceTitle "EXT 2024"]
[Source "ChessBase"]
[SourceDate "2023.10.10"]
[SourceVersion "1"]
[SourceVersionDate "2023.10.10"]
[SourceQuality "1"]

1. d4 g6 2. c4 Bg7 3. e4 d6 4. Nc3 Nc6 5. Nf3 Bg4 6. Be3 e5 7. d5 Nd4 8. Be2 Bxf3 9. Bxf3 Ne7 10. 0-0 0-0 11. Nb5 Nxf3+ 12. Qxf3 f5 13. Rad1 Qd7 14. Nc3 f4 15. Bc1 g5 16. h3 Rf6 17. Qg4 Qxg4 18. hxg4 h5 19. gxh5 g4 20. f3 g3 21. Rfe1 a6 22. Kf1 Rh6 23. Ke2 Kf7 24. Rg1 Rxh5 25. b4 a5 26. a3 axb4 27. axb4 Bf6 28. Bb2 Rh2 29. c5 Ng6 30. Rb1 Nh4 31. Kf1 Be7 32. Nb5 Ra2 33. Nc3 Ra8 34. Nb5 Rc8 35. Rc1 dxc5 36. bxc5 c6 37. dxc6 bxc6 38. Nd6+ Bxd6 39. cxd6 Nxf3 40. gxf3 Rxb2 41. Rg2 Rxg2 42. Kxg2 Ke6 43. Rd1 Rd8 44. Kf1 Rxd6 45. Kg2 Rxd1 0-1

[Event "Titled Tuesday intern op 26th Sep Early"]
[Site "Chess.com INT"]
[Date "2023.09.26"]
[Round "1"]
[White "Zhigalko, Sergei"]
[Black "Masague Artero, Guerau"]
[Result "1-0"]
[WhiteElo "2572"]
[BlackElo "2305"]
[PlyCount "67"]
[EventDate "2023.09.26"]
[EventType "swiss (blitz)"]
[EventRounds "11"]
[EventCountry "USA"]
[SourceTitle "EXT 2024"]
[Source "ChessBase"]
[SourceDate "2023.10.10"]
[SourceVersion "1"]
[SourceVersionDate "2023.10.10"]
[SourceQuality "1"]

1. e4 g6 2. d4 Bg7 3. Nc3 c6 4. Nf3 d5 5. Bd3 Bg4 6. Be3 dxe4 7. Nxe4 Nd7 8. h3 Bxf3 9. Qxf3 Ngf6 10. 0-0-0 0-0 11. Kb1 Nxe4 12. Qxe4 Nf6 13. Qh4 Nd5 14. Bd2 e5 15. Qxd8 Raxd8 16. dxe5 Bxe5 17. g3 Rfe8 18. a3 Kg7 19. Rhe1 Bd4 20. Rf1 h5 21. c3 Bb6 22. Kc2 Rd6 23. b4 Nf6 24. Bf4 Rde6 25. Bc1 Ne4 26. Bxe4 Rxe4 27. Rd7 Re2+ 28. Rd2 R8e7 29. Kd3 R2e4 30. a4 a5 31. Bb2 f6 32. Ba3 R4e5 33. bxa5 Rc7 34. axb6 1-0

[Event "Titled Tuesday intern op 29th Aug Early"]
[Site "Chess.com INT"]
[Date "2023.08.29"]
[Round "10"]
[White "Fiorito, Joaquin"]
[Black "Masague Artero, Guerau"]
[Result "1-0"]
[WhiteElo "2409"]
[BlackElo "2296"]
[PlyCount "71"]
[EventDate "2023.08.29"]
[EventType "swiss (blitz)"]
[EventRounds "11"]
[EventCountry "USA"]
[SourceTitle "EXT 2024"]
[Source "ChessBase"]
[SourceDate "2023.10.10"]
[SourceVersion "1"]
[SourceVersionDate "2023.10.10"]
[SourceQuality "1"]

1. d4 Nf6 2. Nc3 d5 3. Bf4 e6 4. Nb5 Na6 5. e3 c6 6. Nc3 Nc7 7. Nf3 Bb4 8. Bd3 b6 9. 0-0 a5 10. Ne5 Bb7 11. Ne2 0-0 12. Ng3 Ba6 13. Nxc6 Qd7 14. Ne5 Qc8 15. a3 Bd6 16. Rc1 Bxd3 17. cxd3 Qb7 18. Qf3 Rac8 19. Ng4 Nfe8 20. Nh5 f6 21. Bxd6 Nxd6 22. Ngxf6+ Kh8 23. Qg3 Nf5 24. Qe5 gxf6 25. Nxf6 Ng7 26. Nh5 Nce8 27. h4 Rf5 28. Qg3 Nxh5 29. Qh3 Nhg7 30. g4 Rf8 31. h5 Nd6 32. Qg3 Nge8 33. h6 Rg8 34. Qe5+ Ng7 35. hxg7+ Rxg7 36. Qxd6 1-0

[Event "Titled Tuesday intern op 29th Aug Early"]
[Site "Chess.com INT"]
[Date "2023.08.29"]
[Round "4"]
[White "Masague Artero, Guerau"]
[Black "Novikova, Galina"]
[Result "1-0"]
[WhiteElo "2296"]
[BlackElo "2073"]
[PlyCount "95"]
[EventDate "2023.08.29"]
[EventType "swiss (blitz)"]
[EventRounds "11"]
[EventCountry "USA"]
[SourceTitle "EXT 2024"]
[Source "ChessBase"]
[SourceDate "2023.10.10"]
[SourceVersion "1"]
[SourceVersionDate "2023.10.10"]
[SourceQuality "1"]

1. e4 e6 2. Qe2 d5 3. exd5 Qxd5 4. Nc3 Qd8 5. Nf3 Nf6 6. d4 Be7 7. g3 0-0 8. Bg2 c5 9. dxc5 Bxc5 10. 0-0 Nc6 11. Rd1 Qe7 12. Bg5 h6 13. Bxf6 Qxf6 14. Ne4 Qe7 15. a4 a6 16. c3 Ba7 17. Nd6 e5 18. Nh4 Be6 19. Nhf5 Qf6 20. Ne3 Qe7 21. Nd5 Bxd5 22. Rxd5 f5 23. Rad1 e4 24. Nxf5 Qf6 25. Ne3 Rae8 26. Rd7 Re7 27. h4 Kh8 28. Rxe7 Qxe7 29. Rd2 Qc5 30. Bxe4 Qa5 31. Qg4 Bxe3 32. fxe3 Ne5 33. Qd1 Qb6 34. Qe2 Qf6 35. Kg2 Qe7 36. Rd4 b5 37. axb5 axb5 38. Qxb5 Qf6 39. Qe2 Ng4 40. Bf3 Ne5 41. Rf4 Qe7 42. Rxf8+ Qxf8 43. b4 Qc8 44. Qc2 Qc4 45. Qe4 Qc7 46. Qa8+ Kh7 47. Be4+ g6 48. Qd5 1-0